Boletín de estadística bancaria. (Registro nro. 34548)
[ vista simple ]
| 000 -CABECERA | |
|---|---|
| campo de control de longitud fija | 00589nas a2200193 a 4500 |
| 001 - NÚMERO DE CONTROL | |
| campo de control | 000035057 |
| 003 - IDENTIFICADOR DEL NÚMERO DE CONTROL | |
| campo de control | DLC |
| 005 - FECHA Y HORA DE LA ÚLTIMA TRANSACCIÓN | |
| campo de control | 20240905123019.0 |
| 008 - DATOS DE LONGITUD FIJA--INFORMACIÓN GENERAL | |
| campo de control de longitud fija | 111024c19409999dr mr1pdd 0 0spa d |
| 040 ## - FUENTE DE LA CATALOGACIÓN | |
| Centro catalogador/agencia de origen | DO-SdBNP |
| Lengua de catalogación | spa |
| Centro/agencia transcriptor | DO-SdBNP |
| Normas de descripción | rda |
| 043 ## - CÓDIGO DE ÁREA GEOGRÁFICA | |
| Código de área geográfica | nwdr |
| 130 0# - ENTRADA PRINCIPAL--TÍTULO UNIFORME | |
| Título uniforme | Boletín de estadística bancaria |
| 9 (RLIN) | 60698 |
| 245 00 - MENCIÓN DE TÍTULO | |
| Título | Boletín de estadística bancaria. |
| 260 ## - PUBLICACIÓN, DISTRIBUCIÓN, ETC. | |
| Lugar de publicación, distribución, etc. | Ciudad Trujillo : |
| Nombre del editor, distribuidor, etc. | Dirección General de Estadística Nacional. Sección de Producción y Economía., |
| Fecha de publicación, distribución, etc. | 1940. |
| 300 ## - DESCRIPCIÓN FÍSICA | |
| Dimensiones | 21cm. |
| 362 0# - FECHAS DE PUBLICACIÓN Y/O DESIGNACIÓN SECUENCIAL | |
| Fecha de publicación y/o designación secuencial | 1939 |
| 500 ## - NOTA GENERAL | |
| Nota general | Título tomado de la portada |
| 942 ## - ELEMENTOS DE PUNTO DE ACCESO ADICIONAL (KOHA) | |
| Fuente del sistema de clasificación o colocación | Dewey Decimal Classification |
| Tipo de ítem Koha | Publicación periódica |
No hay ítems disponibles.
